00826nam a2200205 a 450000100100000000500170001000800410002702000150006804000130008308200150009610000240011124500740013526000450020930000210025450000730027559000270034895201120037595201180048799900150060500000897820200929161444.0090824s2003 dr 000 0 spa d a9993432991 aDO-SdBNP axxxxbO34h1 aOgando, Rosa92358110aHacer la vida posible :b[consejo para una vida sana] /cRosa Ogando. aSanto Domingo :bLetra gráfica,c2003. a110 p. ;c22 cm. aIncluye datos biografícos de la autora en la solapa de la portada. aInventariado, 2018/ YL 0010718PDaPDbPDcCTd2010-03-25iLF1l0oxxxx O34hp8978-10r2020-06-25w2020-06-25yLFPDZNo se presta 0010718PDaPDbPDcCTd2018-07-12iLF1l0oxxxx O34hp8978-20r2020-06-25te. 2w2020-06-25yLFPDZNo se presta c8742d8742